La Lògica matemàtica a l'escola bressol / Equip de l'Escola Bressol Nenes i Nens
Descripción Física:
53 p. : il. ; 21'5 cm
Colección:
Temes d'infància ; 26
MARC
| LEADER | 00000nam a2200000Ia 4500 | ||
|---|---|---|---|
| 001 | 11486 | ||
| 003 | BGR | ||
| 005 | 20260324175348.0 | ||
| 008 | 160829s1996 xx 000 0 cat d | ||
| 080 | |a E-1-201 | ||
| 110 | |a Escola Bressol Nenes i Nens |9 65899 |b Equip | ||
| 245 | |a La Lògica matemàtica a l'escola bressol / Equip de l'Escola Bressol Nenes i Nens | ||
| 260 | |a Barcelona : |b Associació de Mestres Rosa Sensat : |b Diputació de Barcelona, |c 1996 | ||
| 300 | |a 53 p. : |b il. ; |c 21'5 cm | ||
| 490 | |a Temes d'infància ; 26 | ||
| 650 | |a Educació infantil |9 29154 | ||
| 650 | |a Lògica matemàtica |9 29135 | ||
| 650 | |a Parvulari |x Mètodes actius |9 29136 | ||
| 710 | 1 | |a Barcelona (Catalunya : Província). |b Diputació |9 52408 | |
| 710 | 2 | |a Rosa Sensat (Associació) |9 54183 | |
| 901 | |a Arxiu | ||
| 942 | |n 1 |2 udc |c MON | ||
| 952 | |0 0 |1 0 |4 0 |6 E1201 |7 1 |9 45073 |a Arxiu |b Arxiu |d 2016-12-01 |l 0 |o E-1-201 |p 11486 |r 2016-12-01 00:00:00 |w 2016-12-01 |y ARXIU | ||
| 999 | |c 47693 |d 47693 | ||